000
00259nam a2200109 a 4500
005
20140414131949.0
008
110201s19uu xx 00 eng d
050
_a
TR 305.23
_b
M36 1998
100
_a
Marzollo, Jean
245
_a
How kids grow.
999
_c
112738
_d
112738